ਸਿਹਤ ਅਤੇ ਰੋਗ / (Record no. 111125)
[ view plain ]
| 000 -LEADER | |
|---|---|
| fixed length control field | 01017nam a22002657a 4500 |
| 005 - DATE AND TIME OF LATEST TRANSACTION | |
| control field | 20170123164202.0 |
| 010 ## - LIBRARY OF CONGRESS CONTROL NUMBER | |
| LC control number | A-466206 |
| 020 ## - INTERNATIONAL STANDARD BOOK NUMBER | |
| International Standard Book Number | 81714309906 |
| Terms of availability | 80.00 |
| 035 ## - SYSTEM CONTROL NUMBER | |
| System control number | A-466206 |
| 037 ## - SOURCE OF ACQUISITION | |
| Source of stock number/acquisition | Cen Lib/Ret |
| 040 ## - CATALOGING SOURCE | |
| Original cataloging agency | DPL |
| Language of cataloging | PN |
| 082 ## - DEWEY DECIMAL CLASSIFICATION NUMBER | |
| Classification number | 610 |
| Edition number | ਗਿੱਲਜੀ |
| 100 ## - MAIN ENTRY--PERSONAL NAME | |
| Personal name | ਗਿੱਲ, ਜੀ. ਐਸ. |
| 9 (RLIN) | 73 |
| 245 ## - TITLE STATEMENT | |
| Title | ਸਿਹਤ ਅਤੇ ਰੋਗ / |
| Statement of responsibility, etc | ਜੀ. ਐਸ. ਗਿੱਲ |
| 246 ## - VARYING FORM OF TITLE | |
| Title proper/short title | Sehat ate rog : (Health and diseases) / |
| Remainder of title | by G. S. Gill |
| 260 ## - PUBLICATION, DISTRIBUTION, ETC. (IMPRINT) | |
| Place of publication, distribution, etc | ਅੰਮ੍ਰਿਤਸਰ |
| Name of publisher, distributor, etc | ਰਾਵੀ ਸਾਹਿਤ ਪ੍ਰਕਾਸ਼ਨ |
| Date of publication, distribution, etc | 1999 |
| 270 ## - ADDRESS | |
| Address | ਹਾਲ ਬਾਜ਼ਾਰ |
| City | ਅੰਮ੍ਰਿਤਸਰ |
| Postal code | 143006 |
| 300 ## - PHYSICAL DESCRIPTION | |
| Extent | 172p. : |
| Dimensions | 24cm(pbk) |
| 500 ## - GENERAL NOTE | |
| General note | Includes index |
| 650 ## - SUBJECT ADDED ENTRY--TOPICAL TERM | |
| Topical term or geographic name as entry element | Medical Science |
| Form subdivision | Guide |
| 9 (RLIN) | 20439 |
| 650 ## - SUBJECT ADDED ENTRY--TOPICAL TERM | |
| Topical term or geographic name as entry element | ਮੈਡੀਕਲ ਸਾਇੰਸ |
| 9 (RLIN) | 133506 |
| 650 ## - SUBJECT ADDED ENTRY--TOPICAL TERM | |
| Topical term or geographic name as entry element | Human body -- Guide |
| 9 (RLIN) | 133507 |
| 650 ## - SUBJECT ADDED ENTRY--TOPICAL TERM | |
| Topical term or geographic name as entry element | ਮਨੁੱਖੀ ਸਰੀਰ -- ਗਾਈਡ |
| 9 (RLIN) | 133508 |
| 942 ## - ADDED ENTRY ELEMENTS (KOHA) | |
| Source of classification or shelving scheme | Dewey Decimal Classification |
| Koha item type | Punjabi Bks |
| Classification part | 610 |
| Call number suffix | ਗਿੱਲਜੀ |
| Withdrawn status | Lost status | Damaged status | Not for loan | Home library | Current library | Date acquired | Source of acquisition | Cost, normal purchase price | Total Checkouts | Full call number | Barcode | Date last seen | Copy number | Cost, replacement price | Price effective from | Koha item type |
|---|---|---|---|---|---|---|---|---|---|---|---|---|---|---|---|---|
| Central Library | Central Library | 13/02/2016 | Cen Lib/Ret | 80.00 | 610 ਗਿੱਲਜੀ | A-466206 | 13/02/2016 | 1 | 80.00 | 13/02/2016 | Punjabi Bks |
